000 00300nam a22001337a 4500
008 171011b xxu||||| |||| 00| 0 eng d
020 _a9780205825387
041 _aeng
080 _29TH
_a316
100 _a50
101 _aSOC
245 _aESSENTIALS OF SOCIOLOGY
_cHENSLIN,J.M
942 _2udc
_cBK
999 _c33155
_d33155